Music Quiz

Random Music or Song Quiz

Most Perfect Songs Quiz Stats

 Plays Quiz not verified by Sporcle

Score 0/10 Timer 10:00
0 Plays Today
Artist Song % Correct
Jeff BuckleyHallelujah
75.8%
Bruce SpringsteenBorn to Run
65.9%
The VerveBitter Sweet Symphony
65.2%
The Beach BoysGod Only Knows
45.5%
Bob DylanBlowin' in the Wind
35.6%
The Rolling StonesSympathy for the Devil
34.1%
David BowieLife on Mars?
32.6%
Lou ReedPerfect Day
31.8%
The BeatlesStrawberry Fields Forever
29.5%
Billie HolidayStrange Fruit
18.9%

You're not logged in!

Compare scores with friends on all Sporcle quizzes.
OR
Log In

Show Comments

Extras

Top Quizzes Today


Score Distribution

Your Account Isn't Verified!

In order to create a playlist on Sporcle, you need to verify the email address you used during registration. Go to your Sporcle Settings to finish the process.

Report this User

Report this user for behavior that violates our Community Guidelines.

Details: